Countries ending in Letter O - Statistics

General Stats
  • This quiz has been taken 73 times
  • The average score is 10 of 13
Answer Stats
Answer Continent % Correct
Mexico North America
87%
Morocco Africa
87%
Togo Africa
87%
Kosovo Europe
83%
Monaco Europe
81%
Congo Africa
77%
Congo (former Zaire) Africa
77%
Lesotho Africa
77%
San Marino Europe
75%
Trinidad&Tobago North America
74%
Montenegro Europe
72%
Burkina Faso Africa
58%
Puerto Rico North America
19%
No matching quizzes found
Score Distribution
Percent of People with Each Score
Percentile by Number Answered
Your Score History
You have not taken this quiz